Tata usaha praktis untuk pamong pradja. (Record no. 83468)

MARC details
000 -LEADER
fixed length control field 00587cam a22002291 4500
001 - CONTROL NUMBER
control field sa 68010635
003 - CONTROL NUMBER IDENTIFIER
control field DLC
005 - DATE AND TIME OF LATEST TRANSACTION
control field 20260227112553.0
008 - FIXED-LENGTH DATA ELEMENTS--GENERAL INFORMATION
fixed length control field 890318r1936uuuuio k 000 0 ind
010 ## - LIBRARY OF CONGRESS CONTROL NUMBER
LC control number sa 68010635
035 ## - SYSTEM CONTROL NUMBER
System control number (OCoLC)23563122
040 ## - CATALOGING SOURCE
Original cataloging agency DLC
Transcribing agency MiU
Modifying agency DLC
042 ## - AUTHENTICATION CODE
Authentication code premarc
043 ## - GEOGRAPHIC AREA CODE
Geographic area code a-io---
050 00 - LIBRARY OF CONGRESS CALL NUMBER
Classification number JS7192
Item number .S94
100 1# - MAIN ENTRY--PERSONAL NAME
Personal name Syafrudin, Ateng.
245 10 - TITLE STATEMENT
Title Tata usaha praktis untuk pamong pradja.
250 ## - EDITION STATEMENT
Edition statement [Tjet. 4.]
260 ## - PUBLICATION, DISTRIBUTION, ETC.
Place of publication, distribution, etc. Bandung,
Name of publisher, distributor, etc. Academica,
Date of publication, distribution, etc. 1936-
300 ## - PHYSICAL DESCRIPTION
Extent v.
Other physical details forms.
Dimensions 23 cm.
650 #0 - SUBJECT ADDED ENTRY--TOPICAL TERM
Topical term or geographic name entry element Local government
Geographic subdivision Indonesia.

No items available.

Powered by Koha